| 000 | 00706nam a2200253Ia 4500 | ||
|---|---|---|---|
| 003 | OSt | ||
| 005 | 20220925212458.0 | ||
| 006 | a|||||r|||| 00| 0 | ||
| 007 | ta | ||
| 008 | 220923b |||||||| |||| 00| 0 eng d | ||
| 020 | _a004336067X | ||
| 037 | _cGeneral Book | ||
| 040 |
_aRTL _cRTL _beng |
||
| 041 |
_2eng _aeng |
||
| 082 | _aX72.3.N7, M0 | ||
| 100 |
_aHughes G A Ed. _9276874 |
||
| 245 | 0 | _aPublic policy and the tax system | |
| 260 |
_aLondon _bAllen & Unwin UK _c1980 |
||
| 300 |
_avii, 228p. Bib chapterwise _ccm. |
||
| 650 | _aTax | ||
| 700 |
_a Heal G A Ed. _9276875 |
||
| 942 |
_hX72.3.N7, M0 _cGB _2CC |
||
| 999 |
_c560478 _d560478 |
||